000 01586nam a2200361 c 4500
999 _c56244
_d56244
003 BLK
005 20220707135219.0
008 180408b bul|||||r ||||||| ||bul||
010 _aKNG00060223000
040 _aBLK
041 _aBUL
_cBUL
080 _aПочвознание. Почвени изследвания
_b631.4
_x(075.8)
_z631.4(075.8)
080 _aТорове. Торене. Стимулиране растежа на растенията. Растителни стимулатори
_b631.8
_x(075.8)
_z631.8(075.8)
100 1 _aАтанасов, Прокопи Георгиев
_eпърви автор
_9286726
139 _aАтанасов, Прокопи Георгиев
_bА 93
245 1 0 _aОбщо земеделие с почвознание и торене
_bУчебник за студентите при ВСИ Г. Димитров
_cПрокопи Георгиев Атанасов, Марин Д. Пенков.
257 _aBGR
260 _aСофия
_bЗемиздат
_c1970
300 _a318 с.
_c20 см
380 _a63
650 4 _aЗемеделие - учебници за ВУЗ
_9250239
650 4 _aПочвознание - учебници за ВУЗ
_9254988
650 4 _aТорове и торене
_9275701
653 _aземеделие
653 _aпочвознание
653 _aторене
700 1 _aПенков, Марин Д.
_eсъавт.
_9286727
852 _aЦб 54405
_bЦб
856 4 _qpdf
856 4 _qpdf
942 _cKNG
_n0
_s1
944 _aCR
_c13.06.2004
_kНаталия_Медовщикова
944 _aED
_c16.03.2012
944 _aED
_c2022-07-07
999 _d56244